000 00733nam a22002297a 4500
999 _c15159
_d15159
003 AR-CdUCM
008 190426b ||||| |||| 00| 0 spa d
020 _a978-968-16-8335-1
040 _aMUNICIPALIDAD PROVINCIAL DEL CUSCO
_cBIBLIOTECA MUNICIPAL DEL CUSCO
082 _aPI / 808.06 /
_bP31
100 _aPavisic, Jenny
_934182
245 _aSansón /
260 _aMéxico :
_bFondo de Cultura Económica,
_c2007.
300 _bilustraciones,
_c21 cm.
440 _aColección Los Primerísimos.
_934183
650 _aLiteratura infantil
_9588
650 _aAprendizaje infantil
_933271
650 _aSiglo XXI
_92856
700 _aSada, Margarita (ilustraciones)
_934184
942 _2ddc
_cLIBROS
945 _aachl
_d2019-04-25